[Event "Asia Nations online Cup"]
[Site "Chess.com INT"]
[Date "2020.10.18"]
[Round "7.4"]
[White "Amartuvshin, Ganzorig"]
[Black "Goh, Wei Ming Kevin"]
[Result "1-0"]
[WhiteElo "2350"]
[BlackElo "2501"]
[PlyCount "53"]
[EventDate "2020.10.10"]
[EventType "team-swiss (rapid)"]
[EventRounds "9"]
[EventCountry "IND"]
[SourceTitle "CBM 198 Extra"]
[Source "ChessBase"]
[SourceDate "2020.11.30"]
[SourceVersion "1"]
[SourceVersionDate "2020.11.30"]
[SourceQuality "1"]
[WhiteTeam "Mongolia"]
[BlackTeam "Singapore"]
[WhiteTeamCountry "MGL"]
[BlackTeamCountry "SIN"]

1. d4 Nf6 2. c4 c5 3. d5 e6 4. Nc3 exd5 5. cxd5 d6 6. e4 g6 7. Bd3 Bg7 8. h3 0-0 9. Nf3 Re8 10. Bf4 c4 11. Bc2 b5 12. 0-0 b4 13. Nb5 Nxe4 14. Bxe4 Rxe4 15. Bg3 Bf8 16. Nd2 Re8 17. Nxc4 Ba6 18. Nbxd6 Bxc4 19. Nxc4 Qf6 20. Qa4 Re4 21. b3 Na6 22. d6 Nc5 23. Qc6 Rae8 24. Qxc5 h5 25. Qd5 h4 26. d7 hxg3 27. fxg3 1-0

[Event "Asia Nations online Cup"]
[Site "Chess.com INT"]
[Date "2020.10.16"]
[Round "6.2"]
[White "Goh, Wei Ming Kevin"]
[Black "Maghsoodloo, Parham"]
[Result "0-1"]
[WhiteElo "2501"]
[BlackElo "2676"]
[PlyCount "88"]
[EventDate "2020.10.10"]
[EventType "team-swiss (rapid)"]
[EventRounds "9"]
[EventCountry "IND"]
[SourceTitle "CBM 198 Extra"]
[Source "ChessBase"]
[SourceDate "2020.11.30"]
[SourceVersion "1"]
[SourceVersionDate "2020.11.30"]
[SourceQuality "1"]
[WhiteTeam "Singapore"]
[BlackTeam "Iran"]
[WhiteTeamCountry "SIN"]
[BlackTeamCountry "IRI"]

1. e4 c5 2. Nc3 Nc6 3. Bb5 Nd4 4. Nf3 a6 5. Bd3 g6 6. 0-0 Bg7 7. Nxd4 cxd4 8. Ne2 d5 9. exd5 Qxd5 10. c3 dxc3 11. dxc3 Nf6 12. h3 0-0 13. Nf4 Qa5 14. Bc4 b5 15. Qf3 Rb8 16. Bb3 Bb7 17. Qe2 Rbe8 18. Nd3 e5 19. Be3 Qc7 20. Nc5 Ba8 21. f3 e4 22. fxe4 Nxe4 23. Nxe4 Rxe4 24. Qf2 Kh8 25. Rad1 f5 26. Bd4 f4 27. Bc5 Rf5 28. Bb6 Qe7 29. Rd8+ Rf8 30. Rfd1 f3 31. Rxf8+ Qxf8 32. Qc5 Qe8 33. gxf3 Re1+ 34. Rxe1 Qxe1+ 35. Kg2 Qe2+ 36. Kg1 Qe1+ 37. Kg2 Qd2+ 38. Kg1 Qc1+ 39. Kg2 Qxb2+ 40. Kg1 Qxc3 41. Qd6 Qxf3 42. Qd8+ Qf8 43. Qc7 Qe8 44. Bf7 Qe1+ 0-1